000 00412nam a2200181Ia 4500
001 448
005 20260306140518.0
008 260306t1998||||xx |||||||||||||| ||spa||
041 _aESP
082 _a120
_bP54
100 _aPieper, Josef
_eAUT
245 0 _aEl ocio y la vida intelectual
260 _c1998
300 _a338 páginas :
_c20 cm.
650 _aGEN
654 _aCHU
942 _cLIB
_dJUS
_fJUS
_2ddc
_n
999 _c448
_d448